| 000 | 00401nam a2200145Ia 4500 | ||
|---|---|---|---|
| 999 |
_c3484 _d3484 |
||
| 003 | LSTLib | ||
| 008 | 211025b ||||| |||| 00| 0 eng d | ||
| 020 | _aNot given | ||
| 041 | _aeng | ||
| 082 |
_a342.7 _bCON |
||
| 245 | _aConsolidated Report: Zonal Task Forces on Reconciliation Mechanisms - Vol.II | ||
| 260 |
_aColombo _c2016 |
||
| 300 | _a297 p. | ||
| 942 |
_cTB _k342.7 _mCON _2ddc |
||